[Event "Vecindario Montalvo Memorial 16th"]
[Site "Vecindario"]
[Date "2024.03.24"]
[Round "2"]
[White "Perez Celis, Alba"]
[Black "Martinez Gonzalez, Miguel A"]
[Result "1/2-1/2"]
[WhiteElo "1854"]
[BlackElo "2138"]
[PlyCount "66"]
[EventDate "2024.03.23"]
[EventType "swiss"]
[EventRounds "9"]
[EventCountry "ESP"]
[SourceTitle "CB15_2024"]
[SourceDate "2024.04.10"]
[SourceVersion "1"]
[SourceVersionDate "2024.04.10"]
[SourceQuality "1"]

1. e4 d6 2. d4 Nf6 3. Nc3 Nbd7 4. Nf3 e5 5. Bc4 Be7 6. 0-0 c6 7. h3 b5 8. Bd3 a6 9. a4 b4 10. Ne2 a5 11. Ng3 h6 12. Nf5 Bf8 13. Be3 g6 14. Ng3 Qc7 15. Qd2 Bg7 16. Nh4 c5 17. dxe5 dxe5 18. Bb5 Ba6 19. f4 Bxb5 20. axb5 0-0 21. fxe5 Qxe5 22. Bf4 Qxb2 23. Bxh6 Qd4+ 24. Qxd4 cxd4 25. Bxg7 Kxg7 26. Nf3 Nc5 27. Nxd4 Nfxe4 28. Nxe4 Nxe4 29. Nc6 Nd6 30. b6 Ra6 31. Nxb4 Rxb6 32. Nd5 Rb5 33. Nc3 Rc5 1/2-1/2

[Event "Las Palmas San Mateo CC op 1st"]
[Site "Las Palmas"]
[Date "2023.12.08"]
[Round "8"]
[White "Perez Celis, Alba"]
[Black "Camino Carrio, Nicanor"]
[Result "0-1"]
[WhiteElo "1779"]
[BlackElo "1948"]
[PlyCount "68"]
[EventDate "2023.12.04"]
[EventType "swiss"]
[EventRounds "9"]
[EventCountry "ESP"]
[SourceTitle "CB50_2023"]
[SourceDate "2023.12.13"]
[SourceVersion "1"]
[SourceVersionDate "2023.12.13"]
[SourceQuality "1"]

1. e4 c5 2. Nf3 d6 3. Bb5+ Nd7 4. c3 Ngf6 5. Qe2 e6 6. 0-0 Be7 7. d4 cxd4 8. cxd4 0-0 9. Nc3 a6 10. Bd3 e5 11. dxe5 Nxe5 12. Nxe5 dxe5 13. Rd1 Bg4 14. f3 Be6 15. Be3 Nd7 16. Rd2 Qc7 17. Nd5 Bxd5 18. exd5 Bc5 19. Rc2 Qd6 20. Rac1 Bxe3+ 21. Qxe3 Nf6 22. Qc5 Qxd5 23. Qxd5 Nxd5 24. Be4 Rad8 25. Rc5 Nf4 26. R1c2 f5 27. Bxb7 Rd1+ 28. Kf2 Nd3+ 29. Ke2 Nxc5 30. Rxc5 Rb1 31. Bd5+ Kh8 32. Rc2 g6 33. Kf2 Rd8 34. Bb7 Rb8 0-1

[Event "GER-ch (Women)"]
[Site "Magdeburg"]
[Date "2022.08.18"]
[Round "6"]
[White "Perez Celis, Alba"]
[Black "Petersen, Sophie"]
[Result "1-0"]
[WhiteElo "1816"]
[BlackElo "1597"]
[PlyCount "57"]
[EventDate "2022.08.14"]
[EventType "swiss"]
[EventRounds "9"]
[EventCountry "GER"]
[SourceTitle "CBM 209 Extra"]
[Source "ChessBase"]
[SourceDate "2022.09.30"]
[SourceVersion "1"]
[SourceVersionDate "2022.09.30"]
[SourceQuality "1"]

1. e4 c5 2. Nf3 d6 3. Bb5+ Nd7 4. c3 Ngf6 5. Qe2 a6 6. Ba4 b5 7. Bc2 Bb7 8. d4 Rc8 9. 0-0 e6 10. a4 b4 11. Rd1 Be7 12. e5 dxe5 13. dxe5 Nd5 14. c4 N5b6 15. a5 Na8 16. Bf4 g5 17. Be3 Qc7 18. Ba4 Bc6 19. Bxc6 Qxc6 20. Bxg5 Bxg5 21. Nxg5 Rg8 22. Ne4 Ke7 23. f4 Rcd8 24. Nbd2 Nc7 25. Nd6 Ne8 26. N2e4 Nxd6 27. Rxd6 Qb7 28. Rad1 Qc8 29. Qh5 1-0

[Event "GER-ch (Women)"]
[Site "Magdeburg"]
[Date "2022.08.15"]
[Round "2"]
[White "Perez Celis, Alba"]
[Black "Schulze, Lara"]
[Result "0-1"]
[WhiteElo "1816"]
[BlackElo "2297"]
[PlyCount "40"]
[EventDate "2022.08.14"]
[EventType "swiss"]
[EventRounds "9"]
[EventCountry "GER"]
[SourceTitle "CBM 209 Extra"]
[Source "ChessBase"]
[SourceDate "2022.09.30"]
[SourceVersion "1"]
[SourceVersionDate "2022.09.30"]
[SourceQuality "1"]

1. e4 c5 2. Nf3 Nc6 3. Bb5 g6 4. 0-0 Bg7 5. c3 e5 6. d4 cxd4 7. cxd4 exd4 8. Bf4 a6 9. Bc4 d6 10. Ng5 Nh6 11. b4 0-0 12. Qb3 d3 13. Nd2 Bxa1 14. Rxa1 Qf6 15. Rd1 Qxf4 16. Ndf3 Ne5 17. Bd5 Bg4 18. Bxb7 Ra7 19. Bd5 Bxf3 20. Nxf3 Nhg4 0-1

[Event "GER-ch (Women)"]
[Site "Magdeburg"]
[Date "2022.08.14"]
[Round "1"]
[White "Halas, Julia"]
[Black "Perez Celis, Alba"]
[Result "0-1"]
[WhiteElo "2004"]
[BlackElo "1816"]
[PlyCount "68"]
[EventDate "2022.08.14"]
[EventType "swiss"]
[EventRounds "9"]
[EventCountry "GER"]
[SourceTitle "CBM 209 Extra"]
[Source "ChessBase"]
[SourceDate "2022.09.30"]
[SourceVersion "1"]
[SourceVersionDate "2022.09.30"]
[SourceQuality "1"]

1. d4 d5 2. c4 c6 3. Nf3 Nf6 4. Qc2 e6 5. Bg5 h6 6. Bxf6 Qxf6 7. e3 Nd7 8. Nc3 g6 9. b3 Bg7 10. Be2 dxc4 11. bxc4 e5 12. d5 Nc5 13. e4 0-0 14. 0-0 Qe7 15. dxc6 bxc6 16. g3 f5 17. Nh4 Kh7 18. exf5 gxf5 19. Rad1 e4 20. Na4 Ne6 21. Bh5 Qg5 22. Bg6+ Kg8 23. f4 exf3 24. Nxf5 Nf4 25. Nxg7 Kxg7 26. Be4 Ne2+ 27. Kf2 Qh5 28. Rh1 Qh3 29. Bxf3 Bg4 30. Qxe2 Bxf3 31. Qe5+ Kg8 32. Rd6 Bh5+ 33. Rf6 Rxf6+ 34. Qxf6 Rf8 0-1

[Event "GER-ch (Women)"]
[Site "chess24.com INT"]
[Date "2019.05.30"]
[Round "6"]
[White "Erofeev, Anastasia"]
[Black "Perez Celis, Alba"]
[Result "1-0"]
[WhiteElo "2003"]
[BlackElo "1822"]
[PlyCount "85"]
[EventDate "2019.05.26"]
[EventType "swiss"]
[EventRounds "9"]
[EventCountry "GER"]
[SourceTitle "EXT 2020"]
[Source "ChessBase"]
[SourceDate "2019.10.17"]
[SourceVersion "1"]
[SourceVersionDate "2019.10.17"]
[SourceQuality "1"]
[WhiteTeam "Germany"]
[BlackTeam "Germany"]
[WhiteTeamCountry "GER"]
[BlackTeamCountry "GER"]

1. d4 Nf6 2. c4 g6 3. g3 Bg7 4. Bg2 0-0 5. Nc3 d6 6. Nf3 Nbd7 7. 0-0 e5 8. e4 exd4 9. Nxd4 Re8 10. h3 a6 11. Re1 Ne5 12. Qe2 c5 13. Nc2 Be6 14. b3 Nh5 15. Bb2 Rb8 16. Ne3 Nc6 17. Nc2 Nd4 18. Nxd4 Bxd4 19. Qf3 Qg5 20. Kh2 Qd2 21. Re2 Qg5 22. Rae1 Be5 23. Nd1 b5 24. Bxe5 Qxe5 25. Ne3 bxc4 26. Nxc4 Bxc4 27. bxc4 Rb4 28. Qd3 Reb8 29. Rc2 Rb2 30. Ree2 Rb1 31. Qc3 Qxc3 32. Rxc3 R8b2 33. Rcc2 Rxc2 34. Rxc2 Ng7 35. Rd2 Rb6 36. e5 dxe5 37. Rd8+ Ne8 38. Rxe8+ Kg7 39. Rxe5 Rb2 40. a4 Rxf2 41. Rxc5 Ra2 42. Ra5 Rc2 43. c5 1-0

[Event "GER-ch (Women)"]
[Site "chess24.com INT"]
[Date "2019.05.30"]
[Round "7"]
[White "Perez Celis, Alba"]
[Black "Braun, Kristin"]
[Result "1/2-1/2"]
[WhiteElo "1822"]
[BlackElo "1895"]
[PlyCount "99"]
[EventDate "2019.05.26"]
[EventType "swiss"]
[EventRounds "9"]
[EventCountry "GER"]
[SourceTitle "EXT 2020"]
[Source "ChessBase"]
[SourceDate "2019.10.17"]
[SourceVersion "1"]
[SourceVersionDate "2019.10.17"]
[SourceQuality "1"]
[WhiteTeam "Germany"]
[BlackTeam "Germany"]
[WhiteTeamCountry "GER"]
[BlackTeamCountry "GER"]

1. e4 c5 2. Ne2 Nc6 3. g3 g6 4. Bg2 Bg7 5. Nbc3 e6 6. 0-0 Nge7 7. d3 0-0 8. f4 d5 9. e5 a6 10. a4 Rb8 11. Qe1 Nb4 12. Qd2 b5 13. axb5 axb5 14. Nd1 Qb6 15. c3 Nbc6 16. Ne3 Na5 17. Qc2 c4 18. Nd4 Nec6 19. Nxc6 Nxc6 20. Kh1 Na5 21. Ng4 Qc7 22. Be3 Nb3 23. Ra7 Rb7 24. Rxb7 Bxb7 25. d4 Ra8 26. Nf6+ Bxf6 27. exf6 Qd8 28. f5 Qxf6 29. fxg6 Qxg6 30. Qf2 Ra1 31. Rxa1 Nxa1 32. Qf4 Bc6 33. Qb8+ Kg7 34. h3 Nc2 35. Bf4 Ne1 36. Be5+ f6 37. Qc7+ Qf7 38. Bxf6+ Kxf6 39. Qe5+ Kg6 40. Qxe1 Bd7 41. Qe2 Qf5 42. Kh2 Kf6 43. Bf3 Ke7 44. Bg4 Qf6 45. h4 h6 46. Kh3 Qg6 47. Qe5 Qf6 48. Qc7 Qf1+ 49. Kh2 Qf2+ 50. Kh3 1/2-1/2

[Event "GER-ch (Women)"]
[Site "chess24.com INT"]
[Date "2019.05.29"]
[Round "5"]
[White "Zimmer, Elke"]
[Black "Perez Celis, Alba"]
[Result "0-1"]
[WhiteElo "1926"]
[BlackElo "1822"]
[PlyCount "76"]
[EventDate "2019.05.26"]
[EventType "swiss"]
[EventRounds "9"]
[EventCountry "GER"]
[SourceTitle "EXT 2020"]
[Source "ChessBase"]
[SourceDate "2019.10.17"]
[SourceVersion "1"]
[SourceVersionDate "2019.10.17"]
[SourceQuality "1"]
[WhiteTeam "Germany"]
[BlackTeam "Germany"]
[WhiteTeamCountry "GER"]
[BlackTeamCountry "GER"]

1. e4 e5 2. Nf3 Nc6 3. Bb5 a6 4. Bxc6 dxc6 5. h3 Be6 6. d3 f6 7. Be3 Qd7 8. a3 Ne7 9. Nc3 Ng6 10. Qd2 Bd6 11. g4 0-0-0 12. Rg1 Nf4 13. Bxf4 exf4 14. Ne2 g5 15. 0-0-0 h5 16. Ned4 hxg4 17. Nxe6 Qxe6 18. hxg4 Qa2 19. Qc3 Rh3 20. d4 Rxf3 21. Qxf3 Qa1+ 22. Kd2 Qxb2 23. Ke2 Qxc2+ 24. Rd2 Qa4 25. Qd3 Bc5 26. d5 cxd5 27. exd5 Re8+ 28. Kf3 Qxa3 29. Qxa3 Bxa3 30. Rd3 Rh8 31. Kg2 Bd6 32. Rh1 Rxh1 33. Kxh1 b5 34. Kg2 a5 35. Rb3 b4 36. Kf1 a4 37. Rb1 b3 38. Ke2 a3 0-1

[Event "Mecklenburg VP-ch op"]
[Site "Neubrandenburg"]
[Date "2018.04.30"]
[Round "6.1"]
[White "Moeller, Peter"]
[Black "Perez Celis, Alba"]
[Result "1-0"]
[WhiteElo "2076"]
[BlackElo "1797"]
[PlyCount "81"]
[EventDate "2018.04.28"]
[EventType "swiss"]
[EventRounds "7"]
[EventCountry "GER"]
[SourceTitle "EXT 2023"]
[Source "ChessBase"]
[SourceDate "2022.10.05"]
[SourceVersion "1"]
[SourceVersionDate "2022.10.05"]
[SourceQuality "1"]

1. d4 f5 2. Bf4 Nf6 3. e3 d6 4. Nf3 g6 5. h4 Bg7 6. Bc4 Nh5 7. Nc3 e6 8. Ng5 Nxf4 9. exf4 d5 10. Bb3 h5 11. Qd3 Nc6 12. Ne2 Qf6 13. c3 0-0 14. Ng1 a5 15. a4 b6 16. N1f3 Ba6 17. Qe3 Rae8 18. Bc2 Bh6 19. Bd3 Bxd3 20. Qxd3 Bxg5 21. Nxg5 Nd8 22. 0-0 Nf7 23. Nf3 Nd6 24. g3 Ne4 25. Kg2 c5 26. Qb5 Rb8 27. Ne5 Nd6 28. Qc6 Qd8 29. Nd7 Rc8 30. Qxd6 Rf7 31. Qxe6 Qxd7 32. Qxg6+ Rg7 33. Qxb6 Rc6 34. Qxa5 Rcg6 35. Qxc5 Rg4 36. Rae1 Rxf4 37. Re5 Kh7 38. Qxd5 Qc8 39. Kh2 Rgg4 40. Qf7+ Rg7 41. Qxh5+ 1-0

[Event "Mecklenburg VP-ch op"]
[Site "Neubrandenburg"]
[Date "2018.04.29"]
[Round "4.2"]
[White "Gazizov, Max"]
[Black "Perez Celis, Alba"]
[Result "0-1"]
[WhiteElo "1543"]
[BlackElo "1797"]
[PlyCount "60"]
[EventDate "2018.04.28"]
[EventType "swiss"]
[EventRounds "7"]
[EventCountry "GER"]
[SourceTitle "EXT 2023"]
[Source "ChessBase"]
[SourceDate "2022.10.05"]
[SourceVersion "1"]
[SourceVersionDate "2022.10.05"]
[SourceQuality "1"]

1. d4 f5 2. Nf3 Nf6 3. Bf4 d6 4. e3 Nh5 5. Bg3 g6 6. Be2 Bh6 7. Nfd2 Nf6 8. c4 Nbd7 9. 0-0 e5 10. dxe5 dxe5 11. f4 e4 12. Nb3 Qe7 13. Nc3 c6 14. Nd4 0-0 15. Bh4 Kh8 16. Rb1 Rd8 17. b4 Nb6 18. h3 Be6 19. c5 Nc4 20. Qc1 Bg8 21. Bxc4 Bxc4 22. Nxe4 Qxe4 23. Qxc4 Qxe3+ 24. Kh1 Ne4 25. Bxd8 Ng3+ 26. Kh2 Nxf1+ 27. Rxf1 Rxd8 28. Ne6 Rd2 29. Rf3 Qxf3 30. Qd4+ Rxd4 0-1

[Event "Mecklenburg VP LL2 West 1718"]
[Site "Mecklenburg VP"]
[Date "2018.01.21"]
[Round "5.6"]
[White "Schult, Tobias"]
[Black "Perez Celis, Alba"]
[Result "1/2-1/2"]
[WhiteElo "1805"]
[BlackElo "1790"]
[PlyCount "81"]
[EventDate "2017.10.08"]
[EventType "team-tourn"]
[EventRounds "9"]
[EventCountry "GER"]
[SourceTitle "EXT 2022"]
[Source "ChessBase"]
[SourceDate "2021.10.06"]
[SourceVersion "1"]
[SourceVersionDate "2021.10.06"]
[SourceQuality "1"]
[WhiteTeam "Parchim SV Blau-Weiss 69"]
[BlackTeam "Waren Malchow"]
[WhiteTeamCountry "GER"]
[BlackTeamCountry "GER"]

1. e4 d5 2. exd5 Qxd5 3. Nf3 Bg4 4. Be2 Nf6 5. Nc3 Qa5 6. 0-0 Nbd7 7. d3 e6 8. a3 c6 9. Be3 Bd6 10. Nd2 Qe5 11. g3 Qh5 12. Nde4 Bc7 13. Re1 Ne5 14. Nxf6+ gxf6 15. Ne4 Bd8 16. Nd2 Be7 17. d4 Bxe2 18. Qxe2 Ng4 19. Nf3 0-0-0 20. Bf4 Rxd4 21. Rad1 Rhd8 22. Rxd4 Rxd4 23. c3 Rd8 24. Nh4 f5 25. h3 Nf6 26. Qe5 Nd5 27. Qb8+ Kd7 28. Qxb7+ Ke8 29. Qxc6+ Kf8 30. Ng2 Qxh3 31. Be5 Qh5 32. Nf4 Nxf4 33. Bxf4 Qg4 34. Qc7 Qg6 35. Kg2 h5 36. Rh1 f6 37. Be3 e5 38. Bc5 Re8 39. Bxe7+ Rxe7 40. Qc8+ Kf7 41. Qc4+ 1/2-1/2

[Event "GER-ch rapid (Women)"]
[Site "Erfurt"]
[Date "2017.07.29"]
[Round "5"]
[White "Perez Celis, Alba"]
[Black "Daemering, Katrin"]
[Result "0-1"]
[WhiteElo "1693"]
[BlackElo "2021"]
[PlyCount "66"]
[EventDate "2017.07.29"]
[EventType "swiss (rapid)"]
[EventRounds "9"]
[EventCountry "GER"]
[SourceTitle "EXT 2020"]
[Source "ChessBase"]
[SourceDate "2019.10.17"]
[SourceVersion "1"]
[SourceVersionDate "2019.10.17"]
[SourceQuality "1"]

1. e4 c5 2. Ne2 d6 3. Nbc3 g6 4. g3 Bg7 5. Bg2 e6 6. d3 Nc6 7. 0-0 Nge7 8. f4 f5 9. Kh1 0-0 10. Be3 Nd4 11. Qd2 a6 12. Nd1 Bd7 13. c3 Nxe2 14. Qxe2 Bc6 15. Nf2 Qd7 16. Rad1 Rae8 17. d4 c4 18. e5 Bxg2+ 19. Kxg2 Qc6+ 20. Kg1 Nd5 21. Nh3 h6 22. Rfe1 Rd8 23. Rd2 Rfe8 24. Kf2 b5 25. g4 Nxe3 26. Qxe3 fxg4 27. Ng1 dxe5 28. fxe5 Rf8+ 29. Ke2 Rf5 30. Kd1 b4 31. Ne2 Qa4+ 32. Rc2 Rf3 33. Qe4 Rd3+ 0-1

[Event "Mecklenburg VP-ch MT"]
[Site "Greifswald"]
[Date "2017.04.30"]
[Round "4.4"]
[White "Perez Celis, Alba"]
[Black "Kiel, Bernd"]
[Result "1/2-1/2"]
[WhiteElo "1765"]
[BlackElo "1981"]
[PlyCount "114"]
[EventDate "2017.04.29"]
[EventType "swiss"]
[EventRounds "7"]
[EventCountry "GER"]
[SourceTitle "EXT 2023"]
[Source "ChessBase"]
[SourceDate "2022.10.05"]
[SourceVersion "1"]
[SourceVersionDate "2022.10.05"]
[SourceQuality "1"]

1. e4 d5 2. exd5 Qxd5 3. Nc3 Qa5 4. d4 Nf6 5. Nf3 Bf5 6. h3 e6 7. Nh4 Nc6 8. Nxf5 Qxf5 9. Bd3 Qa5 10. Bd2 Bb4 11. a3 Bxc3 12. bxc3 Qd5 13. 0-0 0-0 14. Rb1 a6 15. Re1 b5 16. Re3 Rfe8 17. Rg3 Ne7 18. Bg5 Nf5 19. Bxf5 Qxf5 20. Bh6 g6 21. Rg5 Qe4 22. Qd2 Qc6 23. Re1 Rad8 24. Qf4 Nd7 25. Rc5 Qd6 26. Qf3 f5 27. Bf4 e5 28. Bxe5 Nxe5 29. Rcxe5 Rxe5 30. Rxe5 Qxa3 31. Rc5 Qc1+ 32. Kh2 Rd7 33. g4 fxg4 34. hxg4 Re7 35. Re5 Rf7 36. Qe2 Qf4+ 37. Kg2 Kg7 38. Re4 Qg5 39. f3 h5 40. Re5 Qh4 41. gxh5 gxh5 42. Qe3 Kh7 43. Qe4+ Qxe4 44. fxe4 Rg7+ 45. Kh3 Kh6 46. Rf5 c6 47. e5 a5 48. Rf8 a4 49. Ra8 Kg5 50. c4 Rb7 51. cxb5 cxb5 52. c4 bxc4 53. Rxa4 Rb3+ 54. Kh2 c3 55. Rc4 Kf5 56. Kg2 Ke6 57. Rc5 Rb4 1/2-1/2

[Event "Tenerife-chT Primera 1314"]
[Site "Tenerife"]
[Date "2014.02.01"]
[Round "5.1"]
[White "Machin Arbelo, Pedro Alexis"]
[Black "Perez Celis, Alba"]
[Result "0-1"]
[WhiteElo "2019"]
[BlackElo "1777"]
[PlyCount "88"]
[EventDate "2013.12.14"]
[EventType "team-tourn"]
[EventRounds "14"]
[EventCountry "ESP"]
[SourceTitle "EXT 2015"]
[Source "ChessBase"]
[SourceDate "2014.11.20"]
[SourceVersion "1"]
[SourceVersionDate "2014.11.20"]
[SourceQuality "1"]
[WhiteTeam "La Gomera"]
[BlackTeam "Laguna Cotelec II"]
[WhiteTeamCountry "ESP"]
[BlackTeamCountry "ESP"]

1. d4 d5 2. Nc3 Nf6 3. Nf3 e6 4. Bg5 Nbd7 5. e4 dxe4 6. Nxe4 Be7 7. Ng3 0-0 8. Bd3 b6 9. Ne5 Bb7 10. Nh5 h6 11. Nxd7 Qxd7 12. Bxf6 Bxf6 13. Nxf6+ gxf6 14. Qg4+ Kh8 15. Qf4 Kg7 16. h4 Rad8 17. Rh3 f5 18. 0-0-0 Qxd4 19. Rg3+ Kf6 20. Qxh6+ Ke7 21. Qg5+ Qf6 22. Qf4 Qd4 23. Qxc7+ Rd7 24. Qc3 Qxf2 25. Qa3+ Kf6 26. Rg5 Rfd8 27. g3 Be4 28. Qc3+ Qd4 29. Qxd4+ Rxd4 30. Be2 Rxd1+ 31. Bxd1 e5 32. Be2 Bb7 33. b4 e4 34. a4 e3 35. g4 Be4 36. gxf5 Rd2 37. Bd1 Rh2 38. Bg4 Rxh4 39. Rg8 Rh1+ 40. Kb2 Rg1 41. a5 Bxf5 42. axb6 axb6 43. Re8 Rxg4 44. Rxe3 Rxb4+ 0-1

[Event "Santa Cruz de Tenerife Amistad op"]
[Site "Santa Cruz de Tenerife"]
[Date "2013.09.20"]
[Round "6"]
[White "Cordero Alamo, Ramon"]
[Black "Perez Celis, Alba"]
[Result "0-1"]
[WhiteElo "1548"]
[BlackElo "1804"]
[PlyCount "66"]
[EventDate "2013.09.09"]
[EventType "swiss"]
[EventRounds "7"]
[EventCountry "ESP"]
[SourceTitle "CBM 156 Extra"]
[Source "ChessBase"]
[SourceDate "2013.10.22"]
[SourceVersion "1"]
[SourceVersionDate "2013.10.22"]
[SourceQuality "1"]

1. Nf3 Nf6 2. g3 d5 3. Bg2 e6 4. d3 Be7 5. 0-0 0-0 6. Nbd2 c5 7. Re1 Nc6 8. a3 Qc7 9. e4 d4 10. Nc4 e5 11. Bg5 b5 12. Ncd2 h6 13. Bxf6 Bxf6 14. Nb3 c4 15. Nc1 Be6 16. Na2 a5 17. Nc1 Be7 18. Ne2 Rfb8 19. Nd2 Na7 20. f4 f6 21. f5 Bf7 22. Nf3 b4 23. axb4 Rxb4 24. Rb1 Rab8 25. b3 cxb3 26. cxb3 Rxb3 27. Rc1 Qb6 28. Nh4 Rb2 29. Ng6 Bb4 30. Rf1 Bb3 31. Rc2 Bxc2 32. Qc1 Ba3 33. Qa1 Qb4 0-1